[Event "XLIV Capablanca Memorial Open"]
[Site "Havana CUB"]
[Date "2009.06.14"]
[Round "6"]
[White "Ubaldo Suarez,M"]
[Black "Otazo,A"]
[Result "1/2-1/2"]
[WhiteElo "2093"]
[BlackElo "1953"]
[EventDate "2009.06.08"]

1. d4 Nf6 2. c4 e6 3. Nc3 Bb4 4. Qc2 c5 5. e3 Nc6 6. Nf3 O-O 7. Bd3 d5 8.
a3 Bxc3+ 9. bxc3 dxc4 10. Bxc4 cxd4 11. cxd4 Na5 12. Bd3 b6 13. O-O Bb7 14.
Ne5 Rc8 15. Qe2 Qd5 16. f3 Nb3 17. Rb1 Nxc1 18. Rfxc1 Rxc1+ 19. Rxc1 Rc8
20. Rxc8+ Bxc8 21. Qc2 Qd7 1/2-1/2

[Event "XLIV Capablanca Memorial Open"]
[Site "Havana CUB"]
[Date "2009.06.14"]
[Round "6"]
[White "Figueredo,L"]
[Black "Herrera Sosa,J"]
[Result "1-0"]
[WhiteElo "2419"]
[BlackElo "1927"]
[EventDate "2009.06.08"]

1. e4 e5 2. Nf3 Nc6 3. Bb5 a6 4. Ba4 Nf6 5. d4 exd4 6. O-O Be7 7. e5 Nd5 8.
Nxd4 Nxd4 9. Qxd4 Nb6 10. Nc3 Nxa4 11. Qxa4 O-O 12. Bf4 Bc5 13. Rad1 Rb8
14. Ne4 b5 15. Qb3 Bb6 16. Bg5 Qe8 17. Nf6+ 1-0

[Event "XLIV Capablanca Memorial Open"]
[Site "Havana CUB"]
[Date "2009.06.14"]
[Round "6"]
[White "Guerra Mojena,L"]
[Black "Soto,O"]
[Result "1-0"]
[WhiteElo "2252"]
[BlackElo "2293"]
[EventDate "2009.06.08"]

1. e4 c5 2. Nf3 e6 3. d4 cxd4 4. Nxd4 a6 5. Bd3 Bc5 6. Nb3 Ba7 7. Qg4 Nf6
8. Qg3 d6 9. O-O Nc6 10. Kh1 Ne5 11. Nc3 Nxd3 12. Qxd3 e5 13. Bg5 h6 14.
Bxf6 Qxf6 15. Rad1 Bb8 16. f4 exf4 17. Nd5 Qd8 18. Rxf4 O-O 19. e5 Re8 20.
Nf6+ gxf6 21. Qg3+ Kh7 22. Rxf6 Qe7 23. Rdf1 Rf8 24. Qh4 Kg8 25. Qxh6 Re8
26. Qg5+ Kf8 27. Qh5 Kg8 28. Rxf7 1-0

[Event "XLIV Capablanca Memorial Open"]
[Site "Havana CUB"]
[Date "2009.06.14"]
[Round "6"]
[White "Garcia Pantoja,R"]
[Black "Fernandez Garcia,JoseL1"]
[Result "1/2-1/2"]
[WhiteElo "2369"]
[BlackElo "2457"]
[EventDate "2009.06.08"]

1. e4 Nf6 2. e5 Nd5 3. d4 d6 4. Nf3 Bg4 5. Be2 c6 6. O-O Bxf3 7. Bxf3 dxe5
8. dxe5 e6 9. Qe2 Nd7 10. Nd2 Be7 11. b3 Nxe5 12. Qxe5 Bf6 13. Qg3 Bxa1 14.
Ba3 Bf6 15. Ne4 Qa5 16. Nd6+ Kd7 17. Nc4 Qc7 18. Bd6 Qd8 19. Rd1 Kc8 20.
Ba3 Qc7 21. Bd6 Qd8 22. Ba3 Qc7 23. Bd6 1/2-1/2

[Event "XLIV Capablanca Memorial Open"]
[Site "Havana CUB"]
[Date "2009.06.14"]
[Round "6"]
[White "Valdes,A"]
[Black "Mena Crespo,C"]
[Result "0-1"]
[WhiteElo "2233"]
[BlackElo "2353"]
[EventDate "2009.06.08"]

1. e4 e5 2. Nf3 Nc6 3. d4 exd4 4. Nxd4 Nf6 5. Nxc6 bxc6 6. e5 Qe7 7. Qe2
Nd5 8. c4 Ba6 9. b3 g6 10. f4 f6 11. exf6 Qxe2+ 12. Bxe2 Bb4+ 13. Kd1 Nxf6
14. Bf3 O-O 15. Bd2 Bc5 16. Bc3 d5 17. Nd2 Be3 18. g3 Rad8 19. Kc2 Bxd2 20.
Bxd2 dxc4 21. Bb4 Rfe8 22. Rhe1 Rxe1 23. Rxe1 cxb3+ 24. axb3 Bb5 25. Bc5 a6
26. Re6 Nd5 27. Be4 Kf7 28. f5 gxf5 29. Bxf5 Bd3+ 30. Bxd3 Kxe6 31. Bxh7
Rh8 32. Bd3 Rxh2+ 33. Kc1 a5 34. g4 Ke5 35. g5 Rg2 36. Bg6 Nf4 0-1

[Event "XLIV Capablanca Memorial Open"]
[Site "Havana CUB"]
[Date "2009.06.14"]
[Round "6"]
[White "Ordaz Valdes,L"]
[Black "Gutierrez,L"]
[Result "1-0"]
[WhiteElo "2296"]
[BlackElo "1899"]
[EventDate "2009.06.08"]

1. c4 Nf6 2. Nc3 g6 3. e4 d6 4. d4 Bg7 5. f4 O-O 6. Nf3 c5 7. d5 Nbd7 8.
Bd3 e6 9. dxe6 fxe6 10. O-O Nb6 11. Ng5 Qe7 12. e5 Ne8 13. Nxh7 Kxh7 14.
Qh5+ Kg8 15. Bxg6 Rf7 16. Ne4 Rf5 17. Ng5 Bd7 18. g4 Bxe5 19. gxf5 Bd4+ 20.
Kg2 Nf6 21. Bf7+ 1-0

[Event "XLIV Capablanca Memorial Open"]
[Site "Havana CUB"]
[Date "2009.06.14"]
[Round "6"]
[White "Guerra Tulcan,L"]
[Black "Perez Garcia,Rodn"]
[Result "1/2-1/2"]
[WhiteElo "2343"]
[BlackElo "2436"]
[EventDate "2009.06.08"]

1. e4 e5 2. Nf3 Nf6 3. d4 Nxe4 4. Bd3 d5 5. dxe5 Be7 6. O-O O-O 7. c4 Nc6
8. cxd5 Qxd5 9. Qe2 Bf5 10. Bc4 Nd4 11. Bxd5 Nxe2+ 12. Kh1 Nxf2+ 13. Rxf2
Nxc1 14. Ne1 Be6 15. Nc3 Rad8 16. Be4 Nxa2 17. Nxa2 Bxa2 18. Rxa2 Rd1 19.
Rf1 Bb4 20. Rxa7 Rxe1 21. Rxe1 Bxe1 22. Rxb7 Bh4 1/2-1/2

[Event "XLIV Capablanca Memorial Open"]
[Site "Havana CUB"]
[Date "2009.06.14"]
[Round "6"]
[White "Miranda,Y"]
[Black "Pazos,M"]
[Result "0-1"]
[WhiteElo "2196"]
[BlackElo "1973"]
[EventDate "2009.06.08"]

1. d4 Nf6 2. c4 e6 3. Nc3 d5 4. cxd5 exd5 5. Bg5 Nbd7 6. e3 Be7 7. Bd3 O-O
8. Nf3 c6 9. O-O Re8 10. Qc2 Nf8 11. Rab1 a5 12. a3 g6 13. Ne5 Ne6 14. f4
Ng7 15. Rf3 Bf5 16. Bxf5 Nxf5 17. g4 Nxg4 18. Bxe7 Nfxe3 19. Bxd8 Nxc2 20.
Bb6 Nce3 21. Nxg4 Nxg4 22. h3 Ne3 23. b3 Ra6 24. Na4 Nf5 25. Kf2 Nd6 26.
Re1 Ne4+ 27. Kg2 Rc8 28. Bc5 Re8 29. Nb6 Re6 30. Rfe3 Kg7 31. a4 Kf6 32.
R1e2 h6 33. Kf3 Kf5 34. Nc4 Nxc5 35. dxc5 dxc4 36. bxc4 Ra8 37. Rxe6 fxe6
38. Rd2 Rf8 39. Ke3 Kf6 40. Rd7 Rf7 41. Rd8 g5 42. fxg5+ hxg5 43. Ke4 Rh7
44. Rf8+ Ke7 45. Rb8 Rxh3 46. Rxb7+ Kf6 47. Rc7 Rh4+ 48. Kd3 g4 49. Rxc6 g3
50. Rc8 Rg4 51. Rf8+ Ke7 52. Rf1 g2 53. Rg1 Kd7 54. Ke3 Kc6 55. Kf3 Rg6 0-1

[Event "XLIV Capablanca Memorial Open"]
[Site "Havana CUB"]
[Date "2009.06.14"]
[Round "6"]
[White "Martin Rosabal,N"]
[Black "Catala,I"]
[Result "0-1"]
[WhiteElo "1982"]
[BlackElo "2173"]
[EventDate "2009.06.08"]

1. e4 c5 2. Nf3 e6 3. c4 Nc6 4. d4 cxd4 5. Nxd4 Nf6 6. f3 Nxe4 7. fxe4 Qh4+
8. Ke2 Qxe4+ 9. Be3 Bc5 10. Nc2 Nb4 11. Nc3 Qe5 12. Nd4 Nc6 13. Nc2 d5 14.
cxd5 Nb4 15. Nd4 exd5 16. Kf2 O-O 17. Qd2 Re8 18. Re1 Qf6+ 19. Nf3 d4 20.
Bg5 dxc3+ 21. Kg3 Qd6+ 22. Qxd6 Bxd6+ 23. Kf2 Rxe1 24. Nxe1 cxb2 25. Bd3
Be6 0-1

[Event "XLIV Capablanca Memorial Open"]
[Site "Havana CUB"]
[Date "2009.06.14"]
[Round "6"]
[White "Abreu Delgado,A"]
[Black "Linares Napoles,O"]
[Result "1-0"]
[WhiteElo "2487"]
[BlackElo "2295"]
[EventDate "2009.06.08"]

1. e4 c5 2. Nf3 d6 3. d4 cxd4 4. Nxd4 Nf6 5. Nc3 g6 6. h3 Bg7 7. g4 Nc6 8.
Be3 O-O 9. Bg2 Be6 10. O-O Qa5 11. Nb3 Qa6 12. f4 Rac8 13. Nd5 Nd7 14. c3
Bxd5 15. exd5 Na5 16. Nxa5 Qxa5 17. Re1 Rfe8 18. Bf2 Rc7 19. Re4 Nb6 20.
Rb4 Rec8 21. a4 Rc5 22. Rxb6 1-0

[Event "XLIV Capablanca Memorial Open"]
[Site "Havana CUB"]
[Date "2009.06.14"]
[Round "6"]
[White "Pina Vega,S"]
[Black "Morales,P"]
[Result "1/2-1/2"]
[WhiteElo "2270"]
[BlackElo "2410"]
[EventDate "2009.06.08"]

1. e4 c5 2. b3 e6 3. Bb2 Nf6 4. Nc3 d6 5. Bb5+ Bd7 6. Bxd7+ Qxd7 7. Nge2
Nc6 8. O-O Be7 9. f4 h5 10. d4 cxd4 11. Nxd4 O-O-O 12. Nf3 d5 13. e5 Ng4
14. Qe2 f6 15. Na4 fxe5 16. fxe5 Rdf8 17. c4 d4 18. Rfd1 Rf4 19. Bc1 Rf5
20. Bb2 Rhf8 21. Bxd4 Nxd4 22. Rxd4 Qc7 23. Rad1 Nxe5 24. Nxe5 Rxe5 25. Re4
Rff5 26. Rxe5 Qxe5 27. Qd3 Qc7 28. Qe4 Qe5 1/2-1/2

[Event "XLIV Capablanca Memorial Open"]
[Site "Havana CUB"]
[Date "2009.06.14"]
[Round "6"]
[White "Otero,Di"]
[Black "Arribas Robaina,M"]
[Result "1-0"]
[WhiteElo "2431"]
[BlackElo "2336"]
[EventDate "2009.06.08"]

1. d4 d5 2. c4 c6 3. Nf3 Nf6 4. e3 a6 5. a4 dxc4 6. Bxc4 a5 7. Nc3 e6 8. e4
Bb4 9. O-O Bxc3 10. bxc3 Nxe4 11. Qc2 Nd6 12. Bd3 h6 13. Re1 O-O 14. Bf4
Na6 15. Qd2 Nf5 16. Bxf5 exf5 17. Bxh6 Be6 18. Bg5 Qd6 19. Bf4 Qd8 20. Ng5
Bc4 21. Qe3 Qf6 22. Qh3 Qg6 23. Re3 f6 24. Rg3 fxg5 25. Rxg5 Qh7 26. Rh5
Qg6 27. Rg5 Qh7 28. Be5 Qxh3 29. Rxg7+ Kh8 30. Rxb7+ Kg8 31. Rg7+ Kh8 32.
Rg3+ Kh7 33. Rxh3+ Kg6 34. Rg3+ Kh5 35. Rb1 Rg8 36. Rh3+ Kg6 37. Rb7 f4 38.
Rbh7 Kf5 39. f3 Nc5 40. R3h5+ Rg5 41. Rxg5+ Kxg5 42. dxc5 Re8 43. Bxf4+ 1-0

[Event "XLIV Capablanca Memorial Open"]
[Site "Havana CUB"]
[Date "2009.06.14"]
[Round "6"]
[White "Ostos,J"]
[Black "Quinones Centeno,Carlos"]
[Result "1/2-1/2"]
[WhiteElo "2316"]
[BlackElo "2166"]
[EventDate "2009.06.08"]

1. e4 e5 2. Nf3 Nf6 3. Nxe5 d6 4. Nf3 Nxe4 5. Nc3 Nf6 6. d4 Be7 7. h3 O-O
8. Bd3 Nbd7 9. O-O Re8 10. a4 c6 11. Bf4 Nf8 12. Re1 Be6 13. Ng5 h6 14.
Nge4 N8h7 15. Qf3 Qd7 16. Re2 d5 17. Nxf6+ Bxf6 18. Rae1 Ng5 19. Qg3 Bxd4
20. Bxg5 hxg5 21. Qxg5 Qd8 22. Qh5 Qf6 23. Qh7+ Kf8 24. Nd1 Qh6 25. Qxh6
gxh6 26. c3 Bg7 27. a5 Rad8 28. b4 Bd7 29. f4 Rxe2 30. Rxe2 Re8 31. Kf2
Rxe2+ 32. Kxe2 Ke7 33. g4 b6 34. axb6 axb6 35. Kd2 h5 36. Ne3 hxg4 37. hxg4
d4 38. cxd4 Bxd4 1/2-1/2

[Event "XLIV Capablanca Memorial Open"]
[Site "Havana CUB"]
[Date "2009.06.14"]
[Round "6"]
[White "Jimenez,P"]
[Black "Lorenzana,W"]
[Result "1-0"]
[WhiteElo "2383"]
[BlackElo "2215"]
[EventDate "2009.06.08"]

1. e4 c5 2. Nf3 e6 3. d4 cxd4 4. Nxd4 a6 5. Bd3 Bc5 6. Nb3 Be7 7. Qg4 Bf6
8. f4 d6 9. Nc3 Nc6 10. Be3 Nge7 11. Rd1 e5 12. f5 Nb4 13. a3 h5 14. Qf3
Nbc6 15. Rd2 Bd7 16. O-O Nd4 17. Qf2 Nxb3 18. cxb3 O-O 19. Be2 Qb8 20. Bxh5
d5 21. Nxd5 Nxd5 22. exd5 a5 23. g4 Qd8 24. Bb6 Qb8 25. Qe3 e4 26. g5 Be5
27. d6 Ra6 28. g6 fxg6 29. Bxg6 Rf6 30. Bc7 Qa8 31. Qc5 e3 32. Qd5+ Kf8 33.
Bh7 Rf7 34. Re2 Bf6 35. Bg6 Be8 36. Rxe3 Bg5 37. Rxe8+ Qxe8 38. Qxf7+ Qxf7
39. Bxf7 Kxf7 40. d7 Ra8 41. f6 1-0

[Event "XLIV Capablanca Memorial Open"]
[Site "Havana CUB"]
[Date "2009.06.14"]
[Round "6"]
[White "Margolin,B"]
[Black "Estrada Nieto,J"]
[Result "1-0"]
[WhiteElo "2436"]
[BlackElo "2344"]
[EventDate "2009.06.08"]

1. e4 e5 2. Nf3 Nc6 3. Bb5 a6 4. Ba4 Nf6 5. O-O Be7 6. Bxc6 dxc6 7. Nc3 Bg4
8. Qe2 Bc5 9. d3 Qd6 10. Nd1 h6 11. Be3 O-O-O 12. Bxc5 Qxc5 13. Ne3 h5 14.
Rfb1 a5 15. b3 Qe7 16. a3 b6 17. h3 Bxf3 18. Qxf3 Kb7 19. Nf5 Qf8 20. b4
axb4 21. axb4 g6 22. Ne3 Qe7 23. b5 Ra8 24. bxc6+ Kxc6 25. d4 Kb7 26. Nc4
Rxa1 27. Rxa1 Nd7 28. Qb3 Ra8 29. Rxa8 Kxa8 30. Qa4+ Kb8 31. c3 exd4 32.
cxd4 Qg5 33. Ne3 Nf6 34. e5 Ne4 35. Qe8+ Kb7 36. Qxf7 Nc3 37. Qc4 Nb1 38.
Qd3 1-0

[Event "XLIV Capablanca Memorial Open"]
[Site "Havana CUB"]
[Date "2009.06.14"]
[Round "6"]
[White "Hernandez Moya,Y"]
[Black "Lucena,L"]
[Result "1/2-1/2"]
[WhiteElo "2104"]
[BlackElo "2206"]
[EventDate "2009.06.08"]

1. e4 e5 2. Nf3 d6 3. d4 exd4 4. Nxd4 Nf6 5. Nc3 Be7 6. Be2 O-O 7. O-O Re8
8. f4 Bf8 9. Bf3 c6 10. Kh1 Na6 11. Re1 Nc5 12. b4 Ncd7 13. a3 Nb6 14. Be3
d5 15. e5 Nc4 16. Bf2 Nd7 17. e6 Nf6 18. f5 fxe6 19. Nxe6 Bxe6 20. fxe6 a5
21. b5 Bxa3 22. Rxa3 Nxa3 23. bxc6 bxc6 24. Bh4 Ra7 25. Bh5 Rf8 26. Qd4 Re7
27. Bf7+ Rfxf7 28. exf7+ Kxf7 29. Rf1 Re6 30. Qa7+ Kg8 31. Qf2 Qe7 32. h3
Nc4 33. Qg3 h6 34. Qb8+ Kh7 35. Rb1 Qd6 36. Qxd6 Nxd6 37. Rb6 Nc4 38. Ra6
d4 39. Nb5 g5 40. Nxd4 Rd6 41. Bf2 Ne4 42. Bg1 c5 43. Ra7+ Kg6 44. Nb3 Ng3+
45. Kh2 Nf1+ 46. Kh1 Ng3+ 47. Kh2 1/2-1/2

[Event "XLIV Capablanca Memorial Open"]
[Site "Havana CUB"]
[Date "2009.06.14"]
[Round "6"]
[White "Espinosa,E"]
[Black "Ramon Pita,V"]
[Result "1-0"]
[WhiteElo "2395"]
[BlackElo "2233"]
[EventDate "2009.06.08"]

1. e4 e5 2. Nf3 Nc6 3. Bb5 a6 4. Ba4 Nf6 5. O-O Be7 6. Re1 b5 7. Bb3 d6 8.
c3 O-O 9. d4 Bg4 10. Be3 Bh5 11. h3 Bg6 12. Nbd2 exd4 13. Nxd4 Nxd4 14.
Bxd4 c5 15. Bxf6 Bxf6 16. Bd5 Rb8 17. f4 h6 18. a4 Qb6 19. axb5 axb5 20.
Qf3 Kh8 21. Ra2 c4+ 22. Kh1 Bh4 23. g3 Bd8 24. Rea1 Qc5 25. b3 f5 26. b4
Qc8 27. Kg2 Bb6 28. g4 fxe4 29. Nxe4 Qd7 30. f5 Bf7 31. Rd1 Bxd5 32. Rxd5
Ra8 33. Rad2 Ra1 34. Rxd6 Qa7 35. Rd1 Ra2+ 36. R6d2 Rd8 37. f6 Raxd2+ 38.
Rxd2 Rf8 39. Qf5 Be3 40. Rd7 g6 41. Qe5 Bf4 42. Qe7 1-0

[Event "XLIV Capablanca Memorial Open"]
[Site "Havana CUB"]
[Date "2009.06.14"]
[Round "6"]
[White "Carvajal,N"]
[Black "Marrero Lopez,Yan"]
[Result "1/2-1/2"]
[WhiteElo "2330"]
[BlackElo "2224"]
[EventDate "2009.06.08"]

1. e4 e5 2. Nf3 Nc6 3. Bb5 a6 4. Ba4 Nf6 5. d4 b5 6. dxe5 bxa4 7. exf6 Qxf6
8. O-O Ne5 9. Nd4 Bc5 10. Nf5 O-O 11. Nc3 Bb7 12. Nd5 Bxd5 13. Qxd5 d6 14.
Be3 Bxe3 15. Nxe3 Rab8 16. b3 Rb5 17. Qd1 Qf4 18. Nd5 Qxe4 19. Nc3 Qd5 20.
Nxb5 axb5 21. f4 Nd7 22. Qe1 Qc5+ 23. Qf2 Qf5 24. Rac1 Nc5 25. Qd4 axb3 26.
axb3 Ne6 27. Rf2 Ra8 28. Re1 g6 29. Qe4 Ra1 30. Qe3 Rxe1+ 31. Qxe1 Nxf4 32.
Qe3 g5 33. h4 1/2-1/2

[Event "XLIV Capablanca Memorial Open"]
[Site "Havana CUB"]
[Date "2009.06.14"]
[Round "6"]
[White "Bacallao,Y"]
[Black "Martinez,Lel"]
[Result "1-0"]
[WhiteElo "2469"]
[BlackElo "2520"]
[EventDate "2009.06.08"]

1. Nf3 Nf6 2. b3 g6 3. Bb2 Bg7 4. c4 O-O 5. Nc3 d6 6. g3 e5 7. Bg2 Nbd7 8.
O-O Re8 9. d4 c6 10. d5 c5 11. Nd2 h5 12. a3 h4 13. b4 hxg3 14. hxg3 b6 15.
Rb1 Nf8 16. bxc5 bxc5 17. Bc1 Ng4 18. Qa4 f5 19. e4 a5 20. Nb5 Ra6 21. Qc2
f4 22. Re1 Re7 23. Nf1 fxg3 24. fxg3 Rf7 25. Rb3 Nh7 26. Rf3 Rxf3 27. Bxf3
Ng5 28. Bg2 Qf6 29. Qe2 Bf8 30. Ne3 Nxe3 31. Bxe3 Nh3+ 32. Bxh3 Bxh3 33.
Qh2 Qh8 34. Bg5 Qh5 35. Bh4 Qg4 36. Qe2 Qd7 37. Qe3 Ra8 38. Re2 Bg7 39. Rf2
Rf8 40. Rxf8+ Bxf8 41. Qg5 Kh7 42. Qf6 Bg7 43. Qf2 Qg4 44. Kh2 Bh6 45. Qf7+
Bg7 46. Qf2 Bh6 47. Nxd6 g5 48. Bxg5 Bxg5 49. Qf7+ Kh8 50. Qg6 1-0

[Event "XLIV Capablanca Memorial Open"]
[Site "Havana CUB"]
[Date "2009.06.14"]
[Round "6"]
[White "Pecorelli Garcia,H"]
[Black "Macias Murillo,B"]
[Result "1/2-1/2"]
[WhiteElo "2399"]
[BlackElo "2299"]
[EventDate "2009.06.08"]

1. d4 Nf6 2. c4 c5 3. d5 b5 4. cxb5 a6 5. bxa6 Bxa6 6. Nc3 g6 7. g3 d6 8.
Bg2 Bg7 9. Rb1 O-O 10. Nf3 Nbd7 11. O-O Qa5 12. Qc2 Rfb8 13. Rd1 Ng4 14.
Bd2 Nge5 15. Nxe5 Nxe5 16. b3 Bc8 17. h3 Qa6 18. a4 Bf5 19. e4 Bd7 20. Be3
c4 21. Kh2 cxb3 22. Rxb3 Rc8 23. Qb1 Bxa4 24. Nxa4 Qxa4 25. Rc1 h5 26. f4
Rxc1 27. Bxc1 Nc4 28. Rb4 Qa6 29. e5 Kh7 30. Qd3 Rc8 31. Qe2 dxe5 32. Bf1
h4 33. Rxc4 hxg3+ 34. Kxg3 exf4+ 35. Bxf4 Rd8 36. Bg2 Bf6 37. Rc2 Qa4 38.
Qe4 Qb3+ 39. Kh2 Ra8 40. Qc4 Qxc4 41. Rxc4 Ra2 42. Re4 Kg7 43. Kg3 Ra3+ 44.
Bf3 Rd3 45. Re2 Rd4 46. Bc7 Bh4+ 47. Kg2 Bf6 48. Bb6 Rd3 49. Bc5 Kf8 50.
Ra2 Rc3 51. Bf2 Kg7 52. Bb6 Rb3 53. Bc7 Rd3 54. Bf4 Rd4 55. Be3 Rd3 56. Kf2
Rb3 57. Be2 Bh4+ 58. Kg2 Rxe3 59. Bf3 Rd3 60. Re2 Bf6 61. Ra2 Be5 62. Kf2
Rb3 63. Kg2 Kf6 64. Rf2 Kg5 65. Re2 Bd6 66. Kf2 f5 67. Rc2 Kh4 68. Rc4+ Kg5
69. Rc2 Rb4 70. Bg2 Kh4 71. Bf1 Rf4+ 72. Kg2 Rxf1 73. Kxf1 Kxh3 74. Rg2 Bg3
75. Re2 Bd6 76. Rg2 Bg3 77. Re2 1/2-1/2

[Event "XLIV Capablanca Memorial Open"]
[Site "Havana CUB"]
[Date "2009.06.14"]
[Round "6"]
[White "Espinosa Garcia,S"]
[Black "Mencos,C"]
[Result "1/2-1/2"]
[WhiteElo "2122"]
[BlackElo "1899"]
[EventDate "2009.06.08"]

1. d4 d5 2. c4 c6 3. Nc3 dxc4 4. e3 b5 5. a4 b4 6. Na2 e6 7. Bxc4 Nf6 8.
Nf3 Bb7 9. O-O Be7 10. Qe2 O-O 11. Bd2 a5 12. Nc1 Nbd7 13. Nb3 c5 14. Rac1
Nb6 15. Bb5 c4 16. Nc5 Bxf3 17. gxf3 Qd5 18. Bxc4 Nxc4 19. Rxc4 Bxc5 20. e4
Qd7 21. dxc5 Qxa4 22. e5 Nd5 23. Rh4 Ne7 24. Bg5 Nf5 25. Rg4 Rfc8 26. Bf6
g6 27. Rc1 Rc7 28. Qc4 Rac8 29. b3 Qc6 30. Qf4 Qd5 31. Rg5 Rxc5 32. Re1 Ng7
33. Qh4 Qxf3 34. Qh6 Ne8 35. Rg3 Qf5 36. Be7 Ng7 37. Bxc5 Rxc5 38. Rd1 Rc8
39. Qh4 Rf8 40. Qd4 Nh5 41. Rg4 Ng7 42. Ra1 Qc2 43. Qc4 Qb2 44. Rxa5 Nf5
45. Re4 Rd8 46. Rc5 Rd2 47. Rc8+ Kg7 48. Qxb4 Kh6 49. Rh4+ Nxh4 50. Qxh4+
Kg7 51. Qf6+ Kh6 52. Qf4+ Kg7 53. Rc4 Qa1+ 54. Kg2 Qa8+ 55. Kg3 Rd3+ 56. f3
Rxb3 57. Rc7 Qf8 58. Qc4 Qd8 59. h4 Qd5 60. Qf4 Rxf3+ 61. Qxf3 Qxe5+ 62.
Qf4 Qxf4+ 63. Kxf4 Kf6 64. Rc5 h6 65. Ra5 Ke7 66. h5 Kf6 67. Kg4 Kg7 68.
Ra7 Kf6 69. Rb7 Kg7 70. hxg6 Kxg6 71. Rb5 f6 72. Rb7 e5 73. Rb8 h5+ 74. Kg3
Kg5 75. Rh8 e4 76. Re8 h4+ 77. Kh3 f5 78. Re7 Kf4 79. Kxh4 e3 80. Kh3 Kf3
1/2-1/2

[Event "XLIV Capablanca Memorial Open"]
[Site "Havana CUB"]
[Date "2009.06.14"]
[Round "6"]
[White "Obregon,A"]
[Black "Cori,J"]
[Result "0-1"]
[WhiteElo "2406"]
[BlackElo "2418"]
[EventDate "2009.06.08"]

1. e4 e5 2. Nf3 Nc6 3. Bb5 Nf6 4. O-O Nxe4 5. d4 Nd6 6. Bxc6 dxc6 7. dxe5
Nf5 8. Qxd8+ Kxd8 9. Nc3 h6 10. h3 Be7 11. g4 Nh4 12. Nxh4 Bxh4 13. Kg2 b6
14. Rd1+ Bd7 15. Bf4 Kc8 16. Rd2 Be6 17. a3 Kb7 18. Rad1 Be7 19. Bg3 h5 20.
f3 Rae8 21. Ne2 hxg4 22. hxg4 Bg5 23. Bf4 Bd8 24. Nd4 Bc8 25. c4 c5 26. Nb5
Be6 27. b3 a6 28. Nc3 f5 29. g5 Kc8 30. Kf2 Rh5 31. Rg1 Reh8 32. Rdd1 Be7
33. Nd5 Bd8 34. Rc1 c6 35. Ne3 Be7 36. Rcd1 Rd8 37. Rxd8+ Kxd8 38. a4 g6
39. Rd1+ Kc8 40. a5 b5 41. Rc1 Kb7 42. Ng2 Rh8 43. Be3 Bf7 44. Kg3 Re8 45.
Ne1 Rd8 46. f4 Kc7 47. Kf2 Rh8 48. Nd3 Rh2+ 49. Kf3 bxc4 50. bxc4 Ra2 51.
Bxc5 Bxc5 52. Nxc5 Ra3+ 53. Kf2 Rxa5 54. e6 Be8 55. Nd3 Kd6 56. Re1 Ra2+
57. Ke3 c5 58. Rb1 Ra3 59. Kd2 Kxe6 60. Rb6+ Ke7 61. Nxc5 a5 62. Re6+ Kd8
63. Ra6 a4 64. Ra7 Rf3 65. Ne6+ Kc8 66. c5 Kb8 67. Ra6 Kb7 68. Rb6+ Ka7 69.
Rb1 a3 70. c6 Bxc6 71. Nd4 Rf2+ 72. Ke3 Rb2 73. Ra1 Kb6 74. Rxa3 Bd5 75.
Ra4 Rh2 76. Ne2 Bc6 77. Rd4 Kc5 78. Rd8 Rh3+ 79. Kd2 Bb5 80. Ng1 Rg3 81.
Rc8+ Kd5 82. Rb8 Bf1 83. Ke1 Rxg1 84. Kf2 Rh1 85. Rb6 Bd3 86. Rxg6 Ke4 87.
Rh6 Rf1+ 88. Kg3 Rg1+ 89. Kh3 Kxf4 90. g6 Rh1+ 0-1

[Event "XLIV Capablanca Memorial Open"]
[Site "Havana CUB"]
[Date "2009.06.14"]
[Round "6"]
[White "Figueroa,Marc"]
[Black "Frometa Castillo,Z"]
[Result "1-0"]
[WhiteElo "2195"]
[BlackElo "2184"]
[EventDate "2009.06.08"]

1. e4 c6 2. d4 d5 3. Nc3 g6 4. h3 Bg7 5. Nf3 e6 6. Bf4 Ne7 7. Be2 b5 8. a3
Nd7 9. O-O Nb6 10. Re1 O-O 11. Bf1 dxe4 12. Nxe4 Nf5 13. c3 Nd5 14. Bh2 a6
15. Qc2 Ra7 16. Rad1 Nf6 17. Nc5 Nd5 18. Nd3 a5 19. Nc5 Re8 20. Ne5 Qb6 21.
Ng4 h5 22. Ne5 Bxe5 23. Bxe5 f6 24. Bh2 Rae7 25. Nd3 g5 26. Re4 Rh7 27.
Rde1 Ng7 28. c4 bxc4 29. Qxc4 Ba6 30. Qc5 Qb7 31. Qxa5 Bxd3 32. Bxd3 f5 33.
R4e2 h4 34. Qd2 Rh5 35. Be5 Qf7 36. Qc2 Nf4 37. Bxf4 gxf4 38. Qxc6 Rg5 39.
Qf3 Qf6 40. Qxf4 Rd8 1-0

[Event "XLIV Capablanca Memorial Open"]
[Site "Havana CUB"]
[Date "2009.06.14"]
[Round "6"]
[White "Trujillo Villega,P"]
[Black "Fernandez,Alex"]
[Result "1/2-1/2"]
[WhiteElo "2209"]
[BlackElo "2399"]
[EventDate "2009.06.08"]

1. e4 c5 2. Nf3 Nc6 3. d4 cxd4 4. Nxd4 e5 5. Nb5 d6 6. a4 f5 7. exf5 Bxf5
8. N1c3 a6 9. Na3 Nf6 10. Bg5 Be7 11. Bc4 Rc8 12. O-O Nd4 13. Ba2 Bg4 14.
f3 Be6 15. Bxe6 Nxe6 16. Bxf6 Bxf6 17. Qd5 Qb6+ 18. Kh1 Nf4 19. Qa2 Qc6 20.
Rad1 Rd8 21. g3 Ng6 22. Qe6+ Be7 23. Nc4 d5 24. Qxc6+ bxc6 25. Na5 Rc8 26.
Ne2 O-O 27. f4 exf4 28. Nxf4 Nxf4 29. Rxf4 Rxf4 30. gxf4 Bb4 31. Nb3 Bd6
32. c4 Bxf4 33. cxd5 cxd5 34. Rd4 g5 35. h4 h6 36. hxg5 hxg5 37. Rxd5 Rc2
38. Nc5 Rh2+ 39. Kg1 Rxb2 40. Nxa6 Ra2 41. a5 g4 42. Nb4 Be3+ 43. Kh1 Re2
44. Rd8+ Kf7 45. Nd5 Bc5 46. Rd7+ Kf8 47. Rc7 Re1+ 48. Kg2 Rg1+ 49. Kh2 g3+
50. Kh3 Bd6 51. Rc2 Rh1+ 52. Kg4 Ra1 53. Ne3 Ra4+ 54. Kh3 Rxa5 55. Nf1 Ra3
56. Rg2 Kf7 57. Nxg3 Kf6 58. Kg4 Kg6 59. Ne4 Be5 60. Rc2 Ra6 61. Rc8 Ra4
62. Rc6+ Kf7 63. Kf5 1/2-1/2

[Event "XLIV Capablanca Memorial Open"]
[Site "Havana CUB"]
[Date "2009.06.14"]
[Round "6"]
[White "Rasmussen,Kar"]
[Black "Ortiz Suarez,I"]
[Result "0-1"]
[WhiteElo "2447"]
[BlackElo "2493"]
[EventDate "2009.06.08"]

1. d4 Nf6 2. Nf3 c5 3. e3 g6 4. c4 Bg7 5. Nc3 O-O 6. Be2 cxd4 7. exd4 d5 8.
O-O dxc4 9. Bxc4 Bg4 10. Re1 e6 11. Bg5 h6 12. Bf4 Nc6 13. Be2 Nd5 14. Nxd5
Qxd5 15. h3 Bxf3 16. Bxf3 Qb5 17. a4 Qb4 18. Bxc6 bxc6 19. Qc1 Bxd4 20.
Bxh6 Qxb2 21. Qf4 Bg7 22. Rac1 Rac8 23. Red1 Bxh6 24. Qxh6 Rfd8 25. h4 Qe5
26. Re1 Qf5 27. Rc3 Rd4 28. Rf3 Qg4 29. Rh3 Qf4 30. Qxf4 Rxf4 31. h5 gxh5
32. Rxh5 Rxa4 33. Re3 Rc7 34. Rc3 Rd4 35. Rhc5 Rd6 36. Ra3 Rd5 37. Rc1 a5
0-1

[Event "XLIV Capablanca Memorial Open"]
[Site "Havana CUB"]
[Date "2009.06.14"]
[Round "6"]
[White "Almeida Quintana,O"]
[Black "Quesada Perez,Y"]
[Result "1-0"]
[WhiteElo "2516"]
[BlackElo "2402"]
[EventDate "2009.06.08"]

1. d4 d5 2. Nf3 Nf6 3. c4 c6 4. Nc3 dxc4 5. a4 Bf5 6. e3 e6 7. Bxc4 Bb4 8.
O-O O-O 9. Ne5 Nbd7 10. Nxd7 Nxd7 11. e4 Bg6 12. f3 e5 13. Be3 Qa5 14. Ne2
Kh8 15. g4 Rad8 16. Qc2 Nb6 17. Bb3 exd4 18. Nxd4 Nd5 19. Bf2 Nf4 20. Kh1
c5 21. Nf5 Rd2 22. Qc4 Nd3 23. Be3 Ne5 24. Qc1 Bxf5 25. gxf5 Re2 26. Bg1
Qd8 27. Qf4 Nd3 28. Qg3 Nxb2 29. Bd5 Qf6 30. f4 Rc2 31. Qg4 g6 32. fxg6
Qxg6 33. Qh3 Nc4 34. e5 Rc3 35. Qh4 Qf5 36. Rae1 Nd2 37. Rf2 Rd3 38. Qe7
Rg8 39. Qxf7 Qxf7 40. Bxf7 Nf3 41. Ref1 Rxg1+ 42. Rxg1 Nxg1 43. Rg2 h6 44.
Rg8+ Kh7 45. Rxg1 Re3 46. Rg8 Re4 47. e6 c4 48. f5 Be7 49. Re8 Bg5 50. Rc8
Kg7 51. Rc7 Kf6 52. Bg6 Ke5 53. Rxb7 Kd6 54. Rd7+ Kc6 55. Be8 Kb6 56. Rd5
Be7 57. a5+ Kc7 58. Rd7+ Kc8 59. Rxe7 Kd8 60. Rxa7 c3 61. Ra8+ 1-0

[Event "XLIV Capablanca Memorial Open"]
[Site "Havana CUB"]
[Date "2009.06.14"]
[Round "6"]
[White "Miranda Mesa,E"]
[Black "Arias,Le"]
[Result "1/2-1/2"]
[WhiteElo "2321"]
[BlackElo "2406"]
[EventDate "2009.06.08"]

1. e4 c5 2. Nf3 e6 3. d4 cxd4 4. Nxd4 a6 5. Bd3 Bc5 6. Nb3 Ba7 7. O-O Nc6
8. Qe2 Nf6 9. Be3 Bxe3 10. Qxe3 e5 11. c4 d6 12. Nc3 Be6 13. Rfd1 O-O 14.
Be2 Qb8 15. Rac1 Rc8 16. Rd2 h6 17. Rcd1 b5 18. cxb5 axb5 19. Nxb5 Rxa2 20.
Nc1 Ra1 21. Nxd6 Rd8 22. Nb5 Rxd2 23. Qxd2 Qb6 24. Nc3 Nd4 25. h3 Ra8 26.
Nd3 Rd8 27. Bf1 Bxh3 28. Qe3 Bg4 29. Ra1 Qc7 30. Qg3 Re8 31. Ra6 Nc6 32.
Nd5 Nxd5 33. exd5 Nb8 34. d6 Qd8 35. Ra8 Bf5 36. Nxe5 Be4 37. Rxb8 Qxb8 38.
d7 Rxe5 39. Qxe5 Qxe5 40. d8=Q+ Kh7 41. b4 g6 42. b5 Kg7 43. b6 Bb7 44. Qd3
Qc5 45. Qb3 h5 46. Qb2+ f6 47. Be2 h4 48. Qb3 h3 49. Qxh3 Qxb6 1/2-1/2